[Event "Pardubice Jihlavanka op"]
[Site "Pardubice"]
[Date "2007.07.20"]
[Round "1"]
[White "Tolstikh, Nikolay"]
[Black "Stodolova, Kristyna"]
[Result "1-0"]
[WhiteElo "2396"]
[BlackElo "2046"]
[PlyCount "39"]
[EventDate "2007.07.20"]
[EventType "swiss"]
[EventRounds "9"]
[EventCountry "CZE"]
[SourceTitle "EXT 2009"]
[Source "ChessBase"]
[SourceDate "2008.11.26"]
[SourceVersion "1"]
[SourceVersionDate "2008.11.26"]
[SourceQuality "1"]

1. Nf3 Nf6 2. c4 c5 3. Nc3 Nc6 4. d4 cxd4 5. Nxd4 g6 6. e4 d6 7. Be2 Bg7 8. Be3 Bd7 9. 0-0 0-0 10. Qd2 Rc8 11. f3 Ne8 12. Rac1 f5 13. exf5 gxf5 14. f4 a6 15. Bf3 e6 16. b3 Qe7 17. Rfe1 Bf6 18. Bf2 Qf7 19. Nxe6 Bxe6 20. Rxe6 1-0

[Event "CZE-chT2d 0607"]
[Site "Czech Republic"]
[Date "2006.12.15"]
[Round "5"]
[White "Stodolova, Kristyna"]
[Black "Hosek, Milan"]
[Result "0-1"]
[WhiteElo "2038"]
[BlackElo "2248"]
[PlyCount "64"]
[EventDate "2006.10.15"]
[EventType "team"]
[EventRounds "11"]
[EventCountry "CZE"]
[SourceTitle "EXT 2009"]
[Source "ChessBase"]
[SourceDate "2008.11.26"]
[SourceVersion "1"]
[SourceVersionDate "2008.11.26"]
[SourceQuality "1"]

1. d4 Nf6 2. c4 e6 3. Nc3 d5 4. g3 Bb4 5. Bg2 c6 6. cxd5 exd5 7. Qc2 0-0 8. Nf3 Re8 9. 0-0 Bd6 10. Ng5 Bf8 11. Rd1 g6 12. e4 h6 13. e5 hxg5 14. Bxg5 Be7 15. exf6 Bxf6 16. Bxf6 Qxf6 17. Bxd5 cxd5 18. Nxd5 Qd8 19. Nc7 Bf5 20. Qc3 Nd7 21. Nxe8 Qxe8 22. Re1 Qd8 23. Rac1 Nf6 24. Qb4 Be4 25. Qc5 Bc6 26. b4 Ne4 27. Qe5 Nd2 28. Re3 Nf3+ 29. Rxf3 Bxf3 30. Qf4 Bc6 31. Rc5 Qd7 32. Qg5 Qxd4 0-1

[Event "Litomysl op"]
[Site "Litomysl"]
[Date "2005.12.26"]
[Round "1"]
[White "Stodolova, Kristyna"]
[Black "Kotan, Ladislav"]
[Result "1/2-1/2"]
[WhiteElo "2001"]
[BlackElo "2364"]
[PlyCount "157"]
[EventDate "2005.12.26"]
[EventType "swiss"]
[EventRounds "9"]
[EventCountry "CZE"]
[SourceTitle "CBM 110 Extra"]
[Source "ChessBase"]
[SourceDate "2006.03.10"]
[SourceVersion "2"]
[SourceVersionDate "2006.03.10"]
[SourceQuality "1"]

1. d4 d5 2. c4 e6 3. Nc3 Be7 4. Nf3 Nf6 5. Bg5 h6 6. Bxf6 Bxf6 7. e3 c6 8. Qc2 Nd7 9. cxd5 exd5 10. Bd3 Nf8 11. 0-0 Be6 12. b4 a6 13. a4 Rc8 14. Rfc1 Nd7 15. Rab1 0-0 16. Nd2 b5 17. Nb3 Be7 18. Nc5 Nxc5 19. bxc5 f5 20. Ne2 Qe8 21. Nf4 Bd7 22. Be2 g6 23. axb5 axb5 24. Ra1 Bd8 25. Ra6 Bc7 26. Bf3 Kg7 27. Rca1 Rf7 28. Nd3 Re7 29. Qc3 g5 30. g3 Qf7 31. Qd2 Kh8 32. Qd1 f4 33. exf4 gxf4 34. Nb4 Bb8 35. Kg2 Qg7 36. Qd2 Rf7 37. R1a3 Rf6 38. Ra8 Rg8 39. Bd1 fxg3 40. hxg3 Rgf8 41. Rf3 Bf5 42. Kg1 Qb7 43. Ra2 h5 44. Bc2 Bxc2 45. Rxf6 Rxf6 46. Qxc2 h4 47. Kg2 hxg3 48. fxg3 Bxg3 49. Ra3 Rf2+ 50. Qxf2 Bxf2 51. Kxf2 Qf7+ 52. Ke3 Qe6+ 53. Kd2 Qh6+ 54. Kc2 Qh2+ 55. Kc3 Qg3+ 56. Kb2 Qf2+ 57. Nc2 Qd2 58. Ra8+ Kg7 59. Rb8 Kf6 60. Rf8+ Ke6 61. Rf3 Qd1 62. Rb3 Kf6 63. Re3 Qd2 64. Rf3+ Kg5 65. Ra3 Kf4 66. Rb3 Ke4 67. Rc3 Qe2 68. Rg3 Qf2 69. Rc3 Qd2 70. Rb3 Kf5 71. Rc3 Ke6 72. Rb3 Kf5 73. Rc3 Ke4 74. Rb3 b4 75. Rxb4 Kd3 76. Rb3+ Kc4 77. Ra3 Qf2 78. Rb3 Qd2 79. Ra3 1/2-1/2

[Event "Havlickuv Brod op (Women)"]
[Site "Havlickuv Brod"]
[Date "2005.10.02"]
[Round "9"]
[White "Pertlova, Sona"]
[Black "Stodolova, Kristyna"]
[Result "1/2-1/2"]
[WhiteElo "2086"]
[BlackElo "2025"]
[PlyCount "79"]
[EventDate "2005.09.24"]
[EventType "swiss"]
[EventRounds "9"]
[EventCountry "CZE"]
[SourceTitle "CBM 108 Extra"]
[Source "ChessBase"]
[SourceDate "2005.11.04"]
[SourceVersion "1"]
[SourceVersionDate "2005.11.04"]
[SourceQuality "1"]

1. g3 g6 2. Bg2 Bg7 3. c4 d6 4. d4 Nd7 5. Nf3 e5 6. Nc3 Ne7 7. 0-0 0-0 8. e3 h6 9. b4 a5 10. b5 f5 11. Qb3 Kh7 12. Rd1 Qe8 13. Ba3 Qf7 14. dxe5 Nxe5 15. Nxe5 Bxe5 16. Rac1 Rb8 17. b6 cxb6 18. Nb5 a4 19. Qc2 Be6 20. f4 Bf6 21. Nxd6 Qg7 22. Bxb7 g5 23. Kh1 Rg8 24. Bg2 h5 25. Rg1 Qh6 26. Qf2 h4 27. g4 gxf4 28. exf4 Rxg4 29. Qe2 Bd7 30. Nf7 Qg7 31. Ng5+ Bxg5 32. fxg5 Ng6 33. Bf3 Rxg1+ 34. Rxg1 Re8 35. Qf2 Qc3 36. Bb2 Qxc4 37. Qxb6 Re6 38. Qd8 Qd3 39. Qa8 h3 40. Qd5 1/2-1/2

[Event "Havlickuv Brod op (Women)"]
[Site "Havlickuv Brod"]
[Date "2005.10.01"]
[Round "8"]
[White "Stodolova, Kristyna"]
[Black "Kubikova, Alena"]
[Result "0-1"]
[WhiteElo "2025"]
[BlackElo "2084"]
[PlyCount "128"]
[EventDate "2005.09.24"]
[EventType "swiss"]
[EventRounds "9"]
[EventCountry "CZE"]
[SourceTitle "CBM 108 Extra"]
[Source "ChessBase"]
[SourceDate "2005.11.04"]
[SourceVersion "1"]
[SourceVersionDate "2005.11.04"]
[SourceQuality "1"]

1. Nf3 Nf6 2. g3 g6 3. Bg2 Bg7 4. 0-0 c5 5. d3 Nc6 6. c3 d6 7. Nbd2 0-0 8. e4 Nd7 9. Ne1 Rb8 10. f4 Na5 11. Rb1 b5 12. b4 Nb7 13. Bb2 a5 14. a3 Nb6 15. Ndf3 Na4 16. d4 Be6 17. Qd2 Qb6 18. Kh1 axb4 19. axb4 cxb4 20. cxb4 Ba2 21. Rc1 Bc4 22. Rf2 Nxb2 23. Qxb2 Ra8 24. Rd2 Ra4 25. h4 Rfa8 26. Nc2 Nd8 27. h5 Ra2 28. Qc3 Be6 29. hxg6 hxg6 30. e5 Rc8 31. Qe3 Bf5 32. Nfe1 Ne6 33. Qb3 Qa7 34. Rcd1 Qa4 35. Qxa4 bxa4 36. d5 Bxc2 37. Nxc2 Nxf4 38. gxf4 Rcxc2 39. Rxc2 Rxc2 40. Ra1 dxe5 41. Rxa4 exf4 42. b5 Be5 43. Be4 Rb2 44. Bd3 g5 45. Re4 Bd6 46. Be2 f5 47. Re6 g4 48. Bd3 f3 49. Bxf5 Rh2+ 50. Kg1 f2+ 51. Kf1 Rh1+ 52. Kxf2 g3+ 53. Kg2 Rh2+ 54. Kf3 Rf2+ 55. Ke4 Rf4+ 56. Kd3 Rxf5 57. Rg6+ Kf7 58. Rg4 Rxd5+ 59. Kc4 Rc5+ 60. Kd4 Rxb5 61. Ke3 Rf5 62. Ke2 Kf6 63. Rg8 Rg5 64. Rf8+ Ke6 0-1

[Event "Prague ProMoPro op"]
[Site "Prague"]
[Date "2005.09.19"]
[Round "5"]
[White "Palas, Ales"]
[Black "Stodolova, Kristyna"]
[Result "0-1"]
[WhiteElo "2041"]
[BlackElo "2025"]
[PlyCount "72"]
[EventDate "2005.09.15"]
[EventType "swiss"]
[EventRounds "9"]
[EventCountry "CZE"]
[SourceTitle "CBM 108 Extra"]
[Source "ChessBase"]
[SourceDate "2005.11.04"]
[SourceVersion "1"]
[SourceVersionDate "2005.11.04"]
[SourceQuality "1"]

1. e4 Nf6 2. e5 Nd5 3. d4 d6 4. Nf3 c6 5. Be2 dxe5 6. Nxe5 g6 7. c4 Nc7 8. Nc3 Bg7 9. 0-0 0-0 10. Be3 Nd7 11. Nf3 b6 12. Qd2 Re8 13. Rfd1 Bb7 14. Rac1 Rc8 15. Ng5 f6 16. Nge4 Nf8 17. Bf3 f5 18. Ng3 e5 19. dxe5 Bxe5 20. Bd4 Bxd4 21. Qxd4 Re1+ 22. Rxe1 Qxd4 23. Rcd1 Qf6 24. Rd2 Rd8 25. Rde2 Nfe6 26. Re5 Re8 27. Nf1 Ng7 28. Rxe8+ Ngxe8 29. Ne3 Bc8 30. Rd1 f4 31. Nc2 c5 32. Re1 Nd6 33. Na3 Be6 34. Be2 Bf5 35. Bf3 Kg7 36. h3 Nf7 0-1

[Event "Litomysl op"]
[Site "Litomysl"]
[Date "2004.12.28"]
[Round "4"]
[White "Stodolova, Kristyna"]
[Black "Groetz, Harald"]
[Result "0-1"]
[WhiteElo "2024"]
[BlackElo "2299"]
[PlyCount "38"]
[EventDate "2004.12.26"]
[EventType "swiss"]
[EventRounds "9"]
[EventCountry "CZE"]
[SourceTitle "CBM 104 Extra"]
[Source "ChessBase"]
[SourceDate "2005.03.01"]
[SourceVersion "1"]
[SourceVersionDate "2005.03.01"]
[SourceQuality "1"]

1. d4 Nf6 2. c4 c5 3. d5 b5 4. e4 Nxe4 5. Qf3 Qa5+ 6. Nc3 Nxc3 7. bxc3 d6 8. Bf4 g6 9. Qe3 Bg7 10. Kd2 Qa3 11. Rc1 0-0 12. Nf3 Bf5 13. Bd3 Bxd3 14. Kxd3 bxc4+ 15. Kd2 Nd7 16. Qxe7 Nb6 17. Bxd6 Qb2+ 18. Rc2 Bxc3+ 19. Kd1 Qb1+ 0-1

[Event "Prague ProMoPro op"]
[Site "Prague"]
[Date "2004.09.11"]
[Round "1"]
[White "Stodolova, Kristyna"]
[Black "Stehno, Pavel"]
[Result "0-1"]
[WhiteElo "1996"]
[BlackElo "2344"]
[PlyCount "64"]
[EventDate "2004.09.11"]
[EventType "swiss"]
[EventRounds "9"]
[EventCountry "CZE"]
[SourceTitle "CBM 102 Extra"]
[Source "ChessBase"]
[SourceDate "2004.11.03"]
[SourceVersion "1"]
[SourceVersionDate "2004.11.03"]
[SourceQuality "1"]

1. d4 Nf6 2. c4 g6 3. Nc3 Bg7 4. e4 d6 5. Nf3 0-0 6. Be2 Nbd7 7. 0-0 e5 8. d5 h6 9. b4 a5 10. Ba3 Nh7 11. Nd2 f5 12. Qc2 Rf7 13. Nb5 axb4 14. Bxb4 Bf8 15. a4 Nc5 16. Bxc5 dxc5 17. f4 exf4 18. Rxf4 Bg7 19. Rd1 Qg5 20. g3 Qe7 21. Bd3 Ng5 22. Kh1 Be5 23. Rff1 f4 24. gxf4 Rxf4 25. Rxf4 Bxf4 26. Rf1 Qe5 27. Nf3 Nxf3 28. Rxf3 Bg4 29. Rf1 Rf8 30. Qg2 Qh5 31. Rf2 Be3 32. Be2 Rxf2 0-1

[Event "Chrudim op"]
[Site "Chrudim"]
[Date "2004.07.13"]
[Round "9"]
[White "Stodolova, Kristyna"]
[Black "Krys, Jaromir"]
[Result "1-0"]
[WhiteElo "1996"]
[BlackElo "1628"]
[PlyCount "79"]
[EventDate "2004.07.06"]
[EventType "swiss"]
[EventRounds "9"]
[EventCountry "CZE"]
[SourceTitle "EXT 2006"]
[Source "ChessBase"]
[SourceDate "2005.11.24"]
[SourceVersion "1"]
[SourceVersionDate "2005.11.24"]
[SourceQuality "1"]

1. d4 d5 2. c4 e6 3. Nc3 Nf6 4. Bg5 c6 5. e3 Nbd7 6. Nf3 h6 7. Bh4 Be7 8. cxd5 Nxd5 9. Bxe7 Qxe7 10. e4 Nxc3 11. bxc3 Nf6 12. Bd3 c5 13. 0-0 0-0 14. Re1 cxd4 15. cxd4 Qd8 16. Qe2 Bd7 17. Rad1 Qa5 18. e5 Nd5 19. Qe4 f5 20. exf6 Nxf6 21. Qe2 Rae8 22. Ne5 a6 23. Bc4 Bc8 24. Qc2 b5 25. Bb3 Qd8 26. Re3 Nd5 27. Rg3 Qf6 28. Qd2 Ne7 29. Ng4 Qf4 30. Nxh6+ Kh8 31. Ng4 Qxd2 32. Rxd2 Nf5 33. Rh3+ Kg8 34. Ne5 Rf6 35. Rdd3 Rd8 36. d5 Ne7 37. Nc6 Nxc6 38. dxc6 Rxd3 39. Rxd3 Kf8 40. Rd8+ 1-0

[Event "Chrudim op"]
[Site "Chrudim"]
[Date "2004.07.08"]
[Round "3"]
[White "Stodolova, Kristyna"]
[Black "Mejzlik, Vojtech"]
[Result "0-1"]
[WhiteElo "1996"]
[BlackElo "2097"]
[PlyCount "90"]
[EventDate "2004.07.06"]
[EventType "swiss"]
[EventRounds "9"]
[EventCountry "CZE"]
[SourceTitle "EXT 2006"]
[Source "ChessBase"]
[SourceDate "2005.11.24"]
[SourceVersion "1"]
[SourceVersionDate "2005.11.24"]
[SourceQuality "1"]

1. d4 f5 2. c4 Nf6 3. Nf3 e6 4. g3 d5 5. Bg2 c6 6. 0-0 Bd6 7. b3 Qe7 8. a4 Nbd7 9. Ba3 0-0 10. Bxd6 Qxd6 11. e3 Ne4 12. Nbd2 a5 13. Qc2 b6 14. cxd5 exd5 15. Rfc1 Bb7 16. Ne1 Rac8 17. Ra2 Ba6 18. Qb1 Qb4 19. Nxe4 fxe4 20. Bh3 Qd6 21. Rc3 Rf6 22. Ng2 g5 23. Qd1 h6 24. Qg4 Nf8 25. Nf4 Rc7 26. Ne2 Kh7 27. Qh5 Ne6 28. Rac2 Ng7 29. Qg4 Bc8 30. Qxc8 Rxc8 31. Bxc8 Qf8 32. Bh3 Rxf2 33. Bg2 Ne6 34. Rxc6 Rxg2+ 35. Kxg2 Qf3+ 36. Kg1 Qxe3+ 37. Kf1 Qf3+ 38. Ke1 e3 39. Ng1 Qh1 40. Kf1 Nxd4 41. Rc7+ Kg6 42. Rc1 e2+ 43. Kf2 Qxh2+ 44. Ke3 Nf5+ 45. Kd3 e1N+ 0-1

[Event "Litomysl op"]
[Site "Litomysl"]
[Date "2004.01.01"]
[Round "9"]
[White "Snyta, Zdenek"]
[Black "Stodolova, Kristyna"]
[Result "1/2-1/2"]
[WhiteElo "2097"]
[BlackElo "2000"]
[PlyCount "118"]
[EventDate "2003.12.26"]
[EventType "swiss"]
[EventRounds "9"]
[EventCountry "CZE"]
[SourceTitle "CBM 098 Extra"]
[Source "ChessBase"]
[SourceDate "2004.03.10"]
[SourceVersion "2"]
[SourceVersionDate "2004.03.10"]
[SourceQuality "1"]

1. e4 Nf6 2. Nc3 d5 3. exd5 Nxd5 4. Bc4 e6 5. Qf3 c6 6. Nge2 Nd7 7. d4 Bd6 8. Ne4 Be7 9. Bd2 0-0 10. h4 b5 11. Bd3 Rb8 12. Ng5 N7f6 13. Rd1 Bb7 14. c3 c5 15. Qh3 c4 16. Bb1 b4 17. 0-0 Ba8 18. Rfe1 bxc3 19. bxc3 Rb2 20. Nf4 Rxd2 21. Nxd5 Rxd1 22. Nxe7+ Qxe7 23. Rxd1 h6 24. Nf3 Nd5 25. Nd2 Nf4 26. Qg4 Nxg2 27. Nxc4 Nxh4 28. Ne5 Qg5 29. Qxg5 hxg5 30. Nd7 Rd8 31. Nc5 e5 32. Be4 Bxe4 33. Nxe4 exd4 34. Nxg5 d3 35. f4 Nf5 36. Kf2 f6 37. Ne6 Rd5 38. Nd4 Nxd4 39. Rxd3 Ra5 40. Rxd4 Rxa2+ 41. Ke3 Kf7 42. f5 g5 43. fxg6+ Kxg6 44. Rd8 Kf5 45. c4 a5 46. c5 Rc2 47. c6 Rxc6 48. Rd5+ Kg4 49. Rxa5 f5 50. Kf2 Rc2+ 51. Kf1 f4 52. Ra3 Rb2 53. Rc3 Ra2 54. Rb3 Ra8 55. Kf2 Ra2+ 56. Kf1 f3 57. Rb8 Ra1+ 58. Kf2 Ra2+ 59. Kf1 Ra1+ 1/2-1/2

[Event "Litomysl op"]
[Site "Litomysl"]
[Date "2003.12.31"]
[Round "8"]
[White "Stodolova, Kristyna"]
[Black "Schirmbeck, Stepanka"]
[Result "1/2-1/2"]
[WhiteElo "2000"]
[BlackElo "2079"]
[PlyCount "38"]
[EventDate "2003.12.26"]
[EventType "swiss"]
[EventRounds "9"]
[EventCountry "CZE"]
[SourceTitle "CBM 098 Extra"]
[Source "ChessBase"]
[SourceDate "2004.03.10"]
[SourceVersion "2"]
[SourceVersionDate "2004.03.10"]
[SourceQuality "1"]

1. d4 c6 2. c4 d5 3. Nf3 Nf6 4. Nc3 e6 5. e3 Be7 6. Bd3 dxc4 7. Bxc4 b6 8. 0-0 0-0 9. Qc2 Ba6 10. Bxa6 Nxa6 11. a3 c5 12. Rd1 Qc7 13. Ne2 cxd4 14. Qxc7 Nxc7 15. Nexd4 Rfd8 16. b4 Rd5 17. Bb2 Rad8 18. Rdc1 Nce8 19. Nc6 R8d7 1/2-1/2

[Event "Litomysl op"]
[Site "Litomysl"]
[Date "2003.12.27"]
[Round "2"]
[White "Kastner, Kamil"]
[Black "Stodolova, Kristyna"]
[Result "0-1"]
[WhiteElo "2127"]
[BlackElo "2000"]
[PlyCount "76"]
[EventDate "2003.12.26"]
[EventType "swiss"]
[EventRounds "9"]
[EventCountry "CZE"]
[SourceTitle "CBM 098 Extra"]
[Source "ChessBase"]
[SourceDate "2004.03.10"]
[SourceVersion "2"]
[SourceVersionDate "2004.03.10"]
[SourceQuality "1"]

1. e4 Nf6 2. e5 Nd5 3. c4 Nb6 4. d4 d6 5. f4 dxe5 6. fxe5 Nc6 7. Be3 Bf5 8. Nc3 e6 9. a3 a5 10. Nf3 Be7 11. Be2 f6 12. 0-0 0-0 13. Qe1 a4 14. Qg3 Na5 15. c5 Nbc4 16. Nh4 fxe5 17. Nxf5 exf5 18. dxe5 Kh8 19. Rad1 Qe8 20. Qf4 Nxe3 21. Qxe3 Nb3 22. Kh1 Bxc5 23. Qg3 Bd4 24. Bb5 Qxe5 25. Qxe5 Bxe5 26. Nxa4 Nd4 27. Nc3 Nxb5 28. Nxb5 c6 29. Nd6 Bxb2 30. Nxb7 Bxa3 31. Nd6 g6 32. g3 Ra7 33. Rf3 Bxd6 34. Rxd6 Rc8 35. Rc3 c5 36. Rc4 Ra2 37. Rd5 Re8 38. Rcxc5 Re1# 0-1

[Event "Litomysl op"]
[Site "Litomysl"]
[Date "2003.12.27"]
[Round "3"]
[White "Srba, Milan"]
[Black "Stodolova, Kristyna"]
[Result "1-0"]
[WhiteElo "2186"]
[BlackElo "2000"]
[PlyCount "59"]
[EventDate "2003.12.26"]
[EventType "swiss"]
[EventRounds "9"]
[EventCountry "CZE"]
[SourceTitle "CBM 098 Extra"]
[Source "ChessBase"]
[SourceDate "2004.03.10"]
[SourceVersion "2"]
[SourceVersionDate "2004.03.10"]
[SourceQuality "1"]

1. c4 Nf6 2. Nc3 g6 3. e4 d6 4. g3 Bg7 5. Bg2 0-0 6. Nge2 c5 7. 0-0 Nc6 8. h3 e6 9. f4 Ne7 10. g4 Ne8 11. g5 Nc7 12. Ng3 d5 13. cxd5 exd5 14. f5 Be5 15. Qe1 dxe4 16. f6 Nf5 17. Nxf5 Bxf5 18. Nxe4 Ne6 19. Kh1 Qc7 20. Qh4 Kh8 21. d3 Rad8 22. Qh6 Rg8 23. Be3 Rxd3 24. Rfe1 b6 25. Rac1 Bxe4 26. Bxe4 Rxe3 27. Rxe3 Bf4 28. Rg1 Bxe3 29. Rg4 Qe5 30. Qxh7+ 1-0

[Event "Chrudim op"]
[Site "Chrudim"]
[Date "2003.07.13"]
[Round "9"]
[White "Stodolova, Kristyna"]
[Black "Svaha, Martin"]
[Result "1-0"]
[WhiteElo "935"]
[BlackElo "1250"]
[PlyCount "61"]
[EventDate "2003.07.??"]
[EventType "swiss"]
[EventRounds "9"]
[EventCountry "CZE"]
[SourceTitle "EXT 2006"]
[Source "ChessBase"]
[SourceDate "2005.11.24"]
[SourceVersion "1"]
[SourceVersionDate "2005.11.24"]
[SourceQuality "1"]

1. d4 d5 2. c4 e6 3. Nc3 Nf6 4. Bg5 Nbd7 5. e3 c5 6. Nf3 Be7 7. cxd5 exd5 8. Be2 c4 9. 0-0 Ne4 10. Nxe4 dxe4 11. Bxe7 Qxe7 12. Nd2 b5 13. a4 bxa4 14. Qxa4 0-0 15. Qc2 Bb7 16. Nxc4 Rfc8 17. Qd2 Bd5 18. Rfc1 Nb6 19. Nxb6 axb6 20. Rxa8 Rxa8 21. h3 g6 22. Qc3 Rd8 23. Qc7 Qf6 24. Bb5 Qg5 25. Qxb6 Be6 26. Rc5 Rd5 27. Rxd5 Qxd5 28. Bc6 Qg5 29. Bxe4 Bxh3 30. Qb8+ Kg7 31. Qe5+ 1-0

[Event "Chrudim op"]
[Site "Chrudim"]
[Date "2003.07.11"]
[Round "7"]
[White "Londyn, Radek"]
[Black "Stodolova, Kristyna"]
[Result "1-0"]
[WhiteElo "2152"]
[BlackElo "935"]
[PlyCount "83"]
[EventDate "2003.07.??"]
[EventType "swiss"]
[EventRounds "9"]
[EventCountry "CZE"]
[SourceTitle "EXT 2006"]
[Source "ChessBase"]
[SourceDate "2005.11.24"]
[SourceVersion "1"]
[SourceVersionDate "2005.11.24"]
[SourceQuality "1"]

1. c4 Nf6 2. Nc3 g6 3. e4 d6 4. d4 Bg7 5. Nf3 0-0 6. Be2 Nbd7 7. Be3 e5 8. d5 Ne8 9. Nd2 f5 10. f3 f4 11. Bf2 g5 12. b4 Rf6 13. c5 dxc5 14. bxc5 Rg6 15. Nc4 Qe7 16. d6 cxd6 17. cxd6 Nxd6 18. Nd5 Qd8 19. 0-0 Kh8 20. Qb3 b6 21. Rfd1 Qf8 22. a4 Ba6 23. Nc7 Bxc4 24. Bxc4 Rc8 25. Ne6 Qe7 26. Bd5 Nf8 27. Nxg7 Kxg7 28. a5 b5 29. a6 Ne6 30. Kh1 Nc7 31. Bb7 Nxb7 32. axb7 Rb8 33. Rxa7 b4 34. h3 Nb5 35. Bc5 Qc7 36. Ra8 Qxb7 37. Rxb8 Qxb8 38. Rd7+ Kh8 39. Qf7 Qg8 40. Qf5 Re6 41. Be7 Kg7 42. Bxg5+ 1-0

[Event "Chrudim op"]
[Site "Chrudim"]
[Date "2003.07.10"]
[Round "6"]
[White "Stodolova, Kristyna"]
[Black "Bartos, Jan"]
[Result "1/2-1/2"]
[WhiteElo "935"]
[BlackElo "2180"]
[PlyCount "81"]
[EventDate "2003.07.??"]
[EventType "swiss"]
[EventRounds "9"]
[EventCountry "CZE"]
[SourceTitle "EXT 2006"]
[Source "ChessBase"]
[SourceDate "2005.11.24"]
[SourceVersion "1"]
[SourceVersionDate "2005.11.24"]
[SourceQuality "1"]

1. d4 d5 2. c4 c6 3. Nf3 Nf6 4. Nc3 dxc4 5. a4 Bf5 6. e3 e6 7. Bxc4 Bb4 8. 0-0 0-0 9. Nh4 Nbd7 10. Nxf5 exf5 11. Qc2 g6 12. f3 Nb6 13. Bd3 f4 14. Ne4 Nh5 15. Rd1 Nd5 16. exf4 Nhxf4 17. Bc4 Ne6 18. Qb3 Ba5 19. Bxd5 cxd5 20. Nc5 Bb6 21. Nxe6 fxe6 22. Be3 Rc8 23. Rac1 Qd7 24. Qb4 Bc7 25. b3 Bd6 26. Qd2 Bb8 27. Rxc8 Qxc8 28. Bf2 Rf7 29. Re1 Rc7 30. Qb4 Rc1 31. Qe7 Bf4 32. Qf6 Bh6 33. Qe5 Kf7 34. g3 Rxe1+ 35. Qxe1 Qc1 36. Qxc1 Bxc1 37. Kf1 Ke7 38. Ke2 Kd6 39. Kd3 Kc6 40. Be1 Bg5 41. Bb4 1/2-1/2

[Event "Volyne op-A"]
[Site "Volyne"]
[Date "2003.??.??"]
[Round "?"]
[White "Sabol, Marian"]
[Black "Stodolova, Kristyna"]
[Result "1-0"]
[WhiteElo "2302"]
[BlackElo "2000"]
[PlyCount "61"]
[EventDate "2003.??.??"]
[EventType "swiss"]
[EventRounds "9"]
[EventCountry "CZE"]
[SourceTitle "EXT 2005"]
[Source "ChessBase"]
[SourceDate "2004.11.15"]
[SourceVersion "1"]
[SourceVersionDate "2004.11.15"]
[SourceQuality "1"]

1. b3 Nf6 2. Bb2 e6 3. g3 d5 4. Bg2 Nbd7 5. e3 Be7 6. f4 b6 7. Nf3 Bb7 8. 0-0 0-0 9. d3 c5 10. Qe2 Rc8 11. Nbd2 Ne8 12. c4 Bf6 13. Ne5 Qc7 14. cxd5 exd5 15. Ndf3 Be7 16. Bh3 f5 17. g4 Nxe5 18. Bxe5 Bd6 19. gxf5 Rd8 20. Ng5 Bc8 21. e4 Qe7 22. Ne6 Bxe6 23. fxe6 Bxe5 24. fxe5 Nc7 25. Qg4 g6 26. Rf6 Rde8 27. Raf1 Kh8 28. Rf7 Rxf7 29. Rxf7 Qd8 30. Qf4 g5 31. Qf5 1-0

[Event "Volyne op-A"]
[Site "Volyne"]
[Date "2003.??.??"]
[Round "?"]
[White "Stodolova, Kristyna"]
[Black "Burgermeister, Michal"]
[Result "1/2-1/2"]
[WhiteElo "2000"]
[BlackElo "1854"]
[PlyCount "42"]
[EventDate "2003.??.??"]
[EventType "swiss"]
[EventRounds "9"]
[EventCountry "CZE"]
[SourceTitle "EXT 2005"]
[Source "ChessBase"]
[SourceDate "2004.11.15"]
[SourceVersion "1"]
[SourceVersionDate "2004.11.15"]
[SourceQuality "1"]

1. d4 Nf6 2. c4 g6 3. Nc3 Bg7 4. e4 d6 5. Nf3 0-0 6. Be2 Na6 7. 0-0 c5 8. d5 e6 9. Be3 exd5 10. cxd5 Re8 11. Nd2 Nc7 12. Qc2 a6 13. a4 b6 14. Rae1 Rb8 15. Bg5 b5 16. axb5 Nxb5 17. Nxb5 axb5 18. f4 Qb6 19. Kh1 Ra8 20. b3 Bb7 21. Bf3 Nd7 1/2-1/2

[Event "Volyne op-A"]
[Site "Volyne"]
[Date "2003.??.??"]
[Round "?"]
[White "Stodolova, Kristyna"]
[Black "Kellner, Petr"]
[Result "1-0"]
[WhiteElo "2000"]
[BlackElo "1870"]
[PlyCount "105"]
[EventDate "2003.??.??"]
[EventType "swiss"]
[EventRounds "9"]
[EventCountry "CZE"]
[SourceTitle "EXT 2005"]
[Source "ChessBase"]
[SourceDate "2004.11.15"]
[SourceVersion "1"]
[SourceVersionDate "2004.11.15"]
[SourceQuality "1"]

1. d4 Nf6 2. c4 e6 3. Nc3 Bb4 4. e3 c5 5. Bd3 Bxc3+ 6. bxc3 0-0 7. Ne2 Nc6 8. 0-0 Ne8 9. f4 f5 10. Ba3 Qa5 11. Bxc5 d6 12. Bb4 Nxb4 13. cxb4 Qxb4 14. Rf3 Nf6 15. Qc2 Qa5 16. Qc3 Qc7 17. Re1 b6 18. Rg3 Bb7 19. d5 exd5 20. Bxf5 Ne4 21. Bxe4 dxe4 22. Nd4 Rf7 23. Rd1 Bd5 24. Rc1 Rc8 25. Rg5 Qxc4 26. Qxc4 Rxc4 27. Rd1 Rc5 28. Nf5 Bb3 29. axb3 Rfxf5 30. Rxf5 Rxf5 31. Rxd6 Rb5 32. Rd8+ Kf7 33. Rd7+ Kf6 34. Rxa7 Rxb3 35. Kf2 Rb2+ 36. Kf1 b5 37. Rb7 h6 38. g4 Ke6 39. Rxg7 Rxh2 40. Rb7 Rb2 41. Rb6+ Kd5 42. f5 Kc4 43. f6 Ra2 44. f7 Ra8 45. Rxh6 Rf8 46. Rf6 b4 47. g5 b3 48. g6 b2 49. Rb6 Kc3 50. Ke2 Rd8 51. g7 Rd2+ 52. Ke1 Rd6 53. Rxb2 1-0

[Event "Volyne op-A"]
[Site "Volyne"]
[Date "2003.??.??"]
[Round "?"]
[White "Stodolova, Kristyna"]
[Black "Reitingerova, Iveta"]
[Result "0-1"]
[WhiteElo "2000"]
[BlackElo "1828"]
[PlyCount "64"]
[EventDate "2003.??.??"]
[EventType "swiss"]
[EventRounds "9"]
[EventCountry "CZE"]
[SourceTitle "EXT 2005"]
[Source "ChessBase"]
[SourceDate "2004.11.15"]
[SourceVersion "1"]
[SourceVersionDate "2004.11.15"]
[SourceQuality "1"]

1. d4 Nf6 2. c4 g6 3. Nc3 Bg7 4. e4 d6 5. Nf3 0-0 6. Be2 e5 7. 0-0 Nc6 8. d5 Ne7 9. Be3 Ne8 10. Nd2 f5 11. f3 f4 12. Bf2 g5 13. b4 Rf6 14. Rc1 h5 15. c5 Rg6 16. h3 Nf6 17. cxd6 cxd6 18. Nb5 g4 19. Nc7 gxh3 20. Nxa8 hxg2 21. Re1 Qd7 22. Bxa7 Qh3 23. Bb5 Ng4 24. fxg4 Bxg4 25. Qb3 Qh1+ 26. Kf2 Qh4+ 27. Kg1 Bf6 28. Nf3 Bxf3 29. Qxf3 Rg3 30. Qd1 Rh3 31. Qb3 f3 32. Qxf3 Rh1+ 0-1